<?xml version="1.0" encoding="UTF-8"?>
<marc:record xmlns:marc="http://www.loc.gov/MARC21/slim">
   <marc:leader>00000nam a2200000 a 4500</marc:leader>
   <marc:datafield ind1="1" ind2=" " tag="100">
      <marc:subfield code="a">Krickl, Gudrun Maria</marc:subfield>
      <marc:subfield code="4">aut</marc:subfield>
      <marc:subfield code="e">Verfasser/-in</marc:subfield>
   </marc:datafield>
   <marc:datafield ind1=" " ind2=" " tag="653">
      <marc:subfield code="a">Historische Romane und Erzählungen</marc:subfield>
   </marc:datafield>
   <marc:datafield ind1="0" ind2="0" tag="245">
      <marc:subfield code="a">Die Töchter von Rosengarten</marc:subfield>
   </marc:datafield>
   <marc:datafield ind1="0" ind2="0" tag="245">
      <marc:subfield code="b">Historischer Roman</marc:subfield>
   </marc:datafield>
   <marc:datafield ind1="0" ind2="0" tag="245">
      <marc:subfield code="c">Krickl, Gudrun Maria</marc:subfield>
   </marc:datafield>
   <marc:datafield ind1=" " ind2="1" tag="264">
      <marc:subfield code="c">2016</marc:subfield>
   </marc:datafield>
   <marc:datafield ind1=" " ind2=" " tag="250">
      <marc:subfield code="a">1. Aufl.</marc:subfield>
   </marc:datafield>
   <marc:datafield ind1="1" ind2=" " tag="520">
      <marc:subfield code="a">Rosengarten bei Hall, 1634: Inmitten der Wirren des Dreißigjährigen Krieges pflegt die Bauerntochter Marie den schwer verletzten böhmischen Adeligen Janek von Schwanberg gesund. Sie verliebt sich in den beeindruckenden Regimentsführer, doch die zarte Romanze endet, als Janek weiterzieht.&#xD;
Wenige Monate später kommt es bei Nördlingen zur Entscheidungsschlacht. Die mit Schweden verbündete württembergische Armee erleidet eine katastrophale Niederlage, der Herzog verlässt daraufhin überstürzt sein Land und gibt es den Feinden preis.&#xD;
Bald sieht Marie keine Zukunft mehr in ihrer Heimat, denn im Schlepptau der fremden Söldnerheere kommen Gewalt und Not, die Pest und der Tod. Gemeinsam mit ihrer Schwester und einem Knecht macht sie sich auf den Weg ins sichere Straßburg, nicht ahnend, welche Folgen diese Entscheidung haben wird.</marc:subfield>
   </marc:datafield>
   <marc:datafield ind1=" " ind2=" " tag="020">
      <marc:subfield code="a">9783842514652</marc:subfield>
      <marc:subfield code="9">9783842514652</marc:subfield>
   </marc:datafield>
   <marc:datafield ind1=" " ind2=" " tag="020">
      <marc:subfield code="a">3842514654</marc:subfield>
      <marc:subfield code="9">3842514654</marc:subfield>
   </marc:datafield>
   <marc:datafield ind1="1" ind2=" " tag="521">
      <marc:subfield code="a">FSK ab 0 freigegeben</marc:subfield>
   </marc:datafield>
   <marc:datafield ind1="1" ind2=" " tag="521">
      <marc:subfield code="a">0</marc:subfield>
   </marc:datafield>
   <marc:datafield ind1=" " ind2=" " tag="338">
      <marc:subfield code="a">Band</marc:subfield>
   </marc:datafield>
   <marc:datafield ind1=" " ind2=" " tag="300">
      <marc:subfield code="a">352 S.</marc:subfield>
   </marc:datafield>
</marc:record>
